000 00576nam a2200241 a 4500
001 nice12345678
003 IN_TiNIC
005 20260116011425.0
008 050524s1928 laha grs 000 0 49g
020 _a
_c100
082 0 0 _a201
_bWAR1
100 _aWarisuddin, P
245 _aShaheed-E-Khidmat
260 _aLahore
_bPunjab Religious Booksociety
_c1928
300 _a48p
500 _aincludes index and biblioraphy
505 2 _areference
650 _aChristian-Biography
700 1 _aWarisuddin, P
902 _bSRS
942 _cPS
999 _c1406
_d1406